Die Dartscheibe - Statistiken

Allgemein
  • Dieses Quiz wurde 2.865 mal gespielt
  • Das Durchschnittsergebnis liegt bei 18 aus 20
Antwortstatistiken
Antwort % Korrekt
1
100%
20
100%
18
97%
4
95%
13
92%
6
92%
10
91%
3
90%
15
89%
17
89%
19
89%
2
88%
7
88%
16
87%
8
86%
5
85%
11
84%
12
82%
14
81%
9
81%
Keine übereinstimmenden Quizze gefunden
Verteilung der Resultate
Anzahl Personen mit jedem Resultat
Perzentil nach korrekt beantworteten Fragen
Ihre Resultats-Entwicklung
Sie haben dieses Quiz noch nicht gespielt